Bài tập hóa học 11 nâng cao
Đã lưu trong:
| Príomhúdar: | |
|---|---|
| Formáid: | Leabhar |
| Teanga: | Undetermined |
| Foilsithe: |
Hà Nội
Giáo dục Việt Nam
2013
|
| Ábhair: | |
| Clibeanna: |
Cuir Clib Leis
Gan Chlibeanna, Bí ar an gcéad duine leis an taifead seo a chlibeáil!
|
| Thư viện lưu trữ: | Trung tâm Học liệu Trường Đại học Cần Thơ |
|---|
| LEADER | 00696nam a2200229Ia 4500 | ||
|---|---|---|---|
| 001 | CTU_185068 | ||
| 008 | 210402s9999 xx 000 0 und d | ||
| 020 | |c 10900 | ||
| 082 | |a 540.76 | ||
| 082 | |b Tr431 | ||
| 100 | |a Lê, Xuân Trọng | ||
| 245 | 0 | |a Bài tập hóa học 11 nâng cao | |
| 245 | 0 | |c Lê Xuân Trọng chủ biên | |
| 260 | |a Hà Nội | ||
| 260 | |b Giáo dục Việt Nam | ||
| 260 | |c 2013 | ||
| 526 | |a Thiết kế bài tập Hóa học | ||
| 526 | |b SP519 | ||
| 650 | |a Chemistry,Hóa học | ||
| 650 | |x Problems, exercises, etc.,Câu hỏi, bài tập | ||
| 904 | |i Hải | ||
| 980 | |a Trung tâm Học liệu Trường Đại học Cần Thơ | ||